[Event "Peter Stuart Memorial Open"]
[Site "Auckland NZL"]
[Date "2018.08.25"]
[Round "1"]
[White "Hague, Ben"]
[Black "Punsalan, Vyanla M"]
[Result "1/2-1/2"]
[WhiteElo "2404"]
[BlackElo "1914"]
[PlyCount "153"]
[EventDate "2018.08.25"]

1. c4 f5 2. g3 Nf6 3. Bg2 g6 4. Nc3 Bg7 5. Nh3 O-O 6. O-O e5 7. f4 e4 8. d3
exd3 9. exd3 Ng4 10. d4 Qf6 11. d5 Na6 12. d6 c6 13. Kh1 Nc5 14. Rb1 Re8 15.
Ng5 Qd4 16. Qxd4 Bxd4 17. h3 Nf2+ 18. Kh2 Ncd3 19. Bd2 Rb8 20. b4 b6 21. b5 Bb7
22. bxc6 dxc6 23. Nf3 Bc5 24. d7 Re7 25. Na4 Ne4 26. Nxc5 Nexc5 27. Bc3 Rxd7
28. Rbd1 Re8 29. Nd4 Ne4 30. Ba1 Ndf2 31. Rc1 c5 32. Nf3 Red8 33. Rc2 Rd1 34.
Rxd1 Rxd1 35. Be5 Nd3 36. Bb8 Nb4 37. Rb2 Nc6 38. Bc7 Rc1 39. g4 Rxc4 40. gxf5
gxf5 41. Nh4 Nd4 42. Bb8 Rc1 43. Bxa7 b5 44. Nf3 Nxf3+ 45. Bxf3 Bc6 46. a4 bxa4
47. Rb6 a3 48. Rxc6 a2 49. Ra6 a1=Q 50. Rxa1 Rxa1 51. Bxe4 Rxa7 52. Bxf5 Ra3
53. Kg2 h6 54. Kf2 Kf7 55. Ke2 Kf6 56. Bc8 h5 57. Kd2 Rf3 58. Ke2 Rxf4 59. Ke3
Ke5 60. Kd3 c4+ 61. Kc3 Kd5 62. Bb7+ Kc5 63. Bg2 Rf2 64. Be4 Re2 65. Bf5 Re3+
66. Kd2 Kd4 67. Bd7 c3+ 68. Kc1 Re2 69. Bf5 Rf2 70. Bg6 Rh2 71. Bxh5 c2 72. Kb2
Rg2 73. Bg4 Rf2 74. Bh5 Rg2 75. Bg4 Rf2 76. Bh5 Rg2 77. Bg4 1/2-1/2

[Event "Peter Stuart Memorial Open"]
[Site "Auckland NZL"]
[Date "2018.08.25"]
[Round "1"]
[White "Vickers, Josia"]
[Black "Steadman, Michael V R"]
[Result "0-1"]
[WhiteElo "1908"]
[BlackElo "2233"]
[PlyCount "72"]
[EventDate "2018.08.25"]

1. e4 g6 2. d4 Bg7 3. Nf3 d6 4. Nc3 a6 5. a4 Nd7 6. Be2 b6 7. O-O Bb7 8. Re1 e6
9. Bf4 Ne7 10. Bc4 h6 11. Qd2 g5 12. Bg3 Ng6 13. h3 O-O 14. Rad1 Nf6 15. e5 Nh5
16. exd6 Nxg3 17. fxg3 Qxd6 18. Qf2 Rad8 19. Ne5 Nxe5 20. dxe5 Qb4 21. Bb3 Rxd1
22. Nxd1 Rd8 23. Nc3 Qd4 24. Qxd4 Rxd4 25. Re2 c5 26. Kf1 Bc6 27. Kf2 b5 28.
Nb1 c4 29. axb5 axb5 30. c3 Re4 31. Rxe4 Bxe4 32. Nd2 Bd5 33. Bc2 Bxe5 34. Nf3
Bd6 35. Nd4 Bc5 36. g4 e5 0-1

[Event "Peter Stuart Memorial Open"]
[Site "Auckland NZL"]
[Date "2018.08.25"]
[Round "1"]
[White "McLaren, Leonard J"]
[Black "Zhang, Jasmine Haomo"]
[Result "1-0"]
[WhiteElo "2218"]
[BlackElo "1907"]
[PlyCount "111"]
[EventDate "2018.08.25"]

1. e4 c5 2. c3 g6 3. Nf3 Bg7 4. d4 cxd4 5. cxd4 d5 6. e5 f6 7. exf6 Nxf6 8. Nc3
O-O 9. Be2 Nc6 10. O-O Qb6 11. Na4 Qc7 12. Be3 Kh8 13. Rc1 Qd6 14. Qb3 Rb8 15.
Rfd1 Ng4 16. h3 Nxe3 17. Qxe3 Bd7 18. Nc5 Rfd8 19. Ng5 Qf6 20. Nge6 Bxe6 21.
Nxe6 Rd6 22. Nxg7 Kxg7 23. Bf3 Rbd8 24. Rd2 R6d7 25. Re1 Rc7 26. Qc3 Qd6 27. a3
Rf8 28. Qc5 Rd7 29. b4 a6 30. Bg4 Qxc5 31. dxc5 Rdd8 32. Bf3 Rf5 33. Red1 e6
34. Bg4 Rf6 35. Re1 Kf7 36. Bd1 Rf8 37. g3 g5 38. Bh5+ Kg7 39. Bg4 Kf7 40. Rb1
Ne5 41. Bh5+ Kg7 42. b5 Nc4 43. Ra2 a5 44. c6 b6 45. Rd1 Nd6 46. a4 Ne4 47. c7
Rc8 48. Rc2 Nc5 49. Rxc5 bxc5 50. b6 Rff8 51. Bg4 Kf6 52. Rxd5 Ke7 53. Rxc5 Kd6
54. Rxa5 h5 55. Bxh5 Kc6 56. Rb5 1-0

[Event "Peter Stuart Memorial Open"]
[Site "Auckland NZL"]
[Date "2018.08.25"]
[Round "1"]
[White "Johns, Daniel P"]
[Black "Garbett, Paul A"]
[Result "1/2-1/2"]
[WhiteElo "1903"]
[BlackElo "2213"]
[PlyCount "153"]
[EventDate "2018.08.25"]

1. e4 c5 2. Nf3 e6 3. d4 cxd4 4. Nxd4 Nc6 5. Nb5 d6 6. Bf4 e5 7. Be3 a6 8. N5c3
Be6 9. Nd2 b5 10. Nd5 Bxd5 11. exd5 Nce7 12. c4 f5 13. Bg5 Qa5 14. Bxe7 Bxe7
15. a3 Nf6 16. b4 Qb6 17. Be2 O-O 18. Nb3 Rac8 19. Rc1 Ne4 20. O-O Bh4 21. g3
Bg5 22. Rc2 bxc4 23. Rxc4 Nc3 24. Qc2 Nxe2+ 25. Qxe2 Qb5 26. Na5 e4 27. Rd1 g6
28. h4 Rxc4 29. Qxc4 Qa4 30. Qb3 Qxb3 31. Nxb3 Bh6 32. Nd4 Rc8 33. Nc6 Kf7 34.
Kf1 g5 35. Rc1 Ke8 36. hxg5 Bxg5 37. Rc4 Kd7 38. g4 fxg4 39. Rxe4 h5 40. Kg2
Rf8 41. Nd4 Rg8 42. a4 Bf6 43. b5 axb5 44. axb5 Rb8 45. Kg3 Bxd4 46. Rxd4 Rxb5
47. Kh4 Rb3 48. Kxh5 g3 49. fxg3 Rxg3 50. Rg4 Rh3+ 51. Kg5 Rd3 52. Kf4 Rxd5 53.
Ke4 Kc6 54. Rg8 Rd1 55. Ke3 Kd5 56. Ke2 Ra1 57. Rg3 Ra2+ 58. Kd1 Kc5 59. Rd3 d5
60. Rh3 Kc4 61. Rh4+ d4 62. Rh3 {(=)} Rg2 63. Rf3 Rh2 64. Rg3 Rh1+ 65. Kd2 Rh2+
66. Kd1 Rh4 67. Rf3 Kd5 68. Rg3 Ke4 69. Ra3 Rh1+ 70. Kd2 Rh2+ 71. Kd1 Rg2 72.
Rh3 Rg4 73. Kd2 Kd5 74. Kd1 Kc4 75. Kd2 d3 76. Rh8 {(=)} Rg2+ 77. Kd1 1/2-1/2

[Event "Peter Stuart Memorial Open"]
[Site "Auckland NZL"]
[Date "2018.08.25"]
[Round "1"]
[White "Hart, Ralph"]
[Black "Lim, Benjamin U"]
[Result "1-0"]
[WhiteElo "2176"]
[BlackElo "1901"]
[PlyCount "71"]
[EventDate "2018.08.25"]

1. e4 c5 2. Nc3 d6 3. Nf3 Nc6 4. d4 cxd4 5. Nxd4 a6 6. Be3 Nf6 7. Bc4 Nxd4 8.
Qxd4 e5 9. Qd3 Be7 10. h3 O-O 11. a4 Be6 12. O-O Rc8 13. Nd5 Nxd5 14. Bxd5 Bxd5
15. Qxd5 Bg5 16. Bxg5 Qxg5 17. Qxb7 Rxc2 18. Qxa6 Rxb2 19. Qxd6 Rd8 20. Qc5 Rb3
21. Ra3 Rxa3 22. Qxa3 Qf4 23. Qe7 Rf8 24. Rd1 g5 25. g3 Qxe4 26. Qxg5+ Kh8 27.
Qf6+ Kg8 28. a5 Rc8 29. Kh2 h6 30. a6 Qe2 31. Rd7 Qa2 32. a7 e4 33. Kg2 e3 34.
Rd8+ Kh7 35. Qh8+ Kg6 36. Rd6+ 1-0

[Event "Peter Stuart Memorial Open"]
[Site "Auckland NZL"]
[Date "2018.08.25"]
[Round "1"]
[White "Wright, Caleb"]
[Black "Ang, Alphaeus Wei Ern"]
[Result "1-0"]
[WhiteElo "1878"]
[BlackElo "2151"]
[PlyCount "71"]
[EventDate "2018.08.25"]

1. d4 Nf6 2. Nf3 g6 3. g3 Bg7 4. Bg2 O-O 5. O-O d6 6. a4 a5 7. b3 Nc6 8. Bb2
Nh5 9. Nbd2 f5 10. e4 fxe4 11. Nxe4 d5 12. Nc5 b6 13. Nd3 Bg4 14. Nde5 Nxe5 15.
dxe5 Qd7 16. Qd3 Rad8 17. Rae1 Bh3 18. Bc1 Bf5 19. Qe2 d4 20. Qc4+ Be6 21. Qd3
c5 22. Ng5 Bd5 23. f4 Bxg2 24. Kxg2 Qd5+ 25. Kg1 Bh6 26. f5 gxf5 27. Rxf5 Bxg5
28. Rxg5+ Ng7 29. Re4 Rf7 30. Rh4 Kf8 31. Qxh7 e6 32. Rxg7 Rf1+ 33. Kxf1 Qf3+
34. Ke1 Qc3+ 35. Kf2 d3 36. Qh8# 1-0

[Event "Peter Stuart Memorial Open"]
[Site "Auckland NZL"]
[Date "2018.08.25"]
[Round "1"]
[White "Capel, Evan T"]
[Black "Meng, Richard"]
[Result "1-0"]
[WhiteElo "2135"]
[BlackElo "1843"]
[PlyCount "89"]
[EventDate "2018.08.25"]

1. d4 Nf6 2. Nf3 e6 3. Bg5 d5 4. e3 c5 5. c3 Nc6 6. Bd3 h6 7. Bh4 Be7 8. Nbd2
O-O 9. O-O a6 10. Rc1 Qa5 11. Bb1 Nd7 12. Bg3 f5 13. c4 cxd4 14. Nb3 Qd8 15.
cxd5 exd5 16. Nbxd4 Nxd4 17. Nxd4 Nc5 18. a3 Kh8 19. Be5 Bd6 20. Bxd6 Qxd6 21.
Qc2 Ne4 22. Qc7 Qf6 23. Ba2 Rf7 24. Qa5 Rd7 25. Rfd1 b6 26. Qb4 Bb7 27. Ne2
Rad8 28. Qd4 Qh4 29. Ng3 f4 30. exf4 Qxf4 31. Rc2 Qg5 32. Nxe4 dxe4 33. Qxd7
Rxd7 34. Rxd7 Ba8 35. h4 Qf5 36. Rd8+ Kh7 37. Rxa8 e3 38. Re2 Qe4 39. Ra7 exf2+
40. Rxf2 Qe1+ 41. Rf1 Qe3+ 42. Kh1 Qe8 43. Bb1+ Kh8 44. Rd1 Qf8 45. Rad7 1-0

[Event "Peter Stuart Memorial Open"]
[Site "Auckland NZL"]
[Date "2018.08.25"]
[Round "1"]
[White "Aguilar, Juni"]
[Black "Thornton, Giovanni A"]
[Result "1-0"]
[WhiteElo "1842"]
[BlackElo "2131"]
[PlyCount "65"]
[EventDate "2018.08.25"]

1. Nf3 Nf6 2. d4 b6 3. Bg5 Bb7 4. Nbd2 d6 5. e3 Nbd7 6. Bb5 g6 7. Qe2 Bg7 8. e4
a6 9. Ba4 b5 10. Bb3 e5 11. d5 O-O 12. h4 h6 13. Bxf6 Qxf6 14. c3 c6 15. dxc6
Bxc6 16. h5 Kh8 17. hxg6 fxg6 18. O-O-O Nc5 19. Bc2 Rab8 20. Kb1 Ne6 21. Rh2 b4
22. cxb4 d5 23. Rdh1 g5 24. Qxa6 Nc7 25. Qa7 Ne6 26. a3 Nd4 27. Nxd4 Rb7 28.
Qa6 exd4 29. e5 Qe6 30. Qd3 Kg8 31. Rxh6 Qxh6 32. Rxh6 Bxh6 33. Qg6+ 1-0

[Event "Peter Stuart Memorial Open"]
[Site "Auckland NZL"]
[Date "2018.08.25"]
[Round "1"]
[White "Browne, Jeremy A"]
[Black "Hair, Philip I"]
[Result "1-0"]
[WhiteElo "2086"]
[BlackElo "1829"]
[PlyCount "95"]
[EventDate "2018.08.25"]

1. e4 g6 2. d4 Bg7 3. Nc3 c6 4. Be3 d5 5. e5 h5 6. Nf3 Bg4 7. h3 Bxf3 8. Qxf3
e6 9. g4 c5 10. Nb5 Bf8 11. dxc5 Nd7 12. Nd6+ Bxd6 13. exd6 hxg4 14. hxg4 Ne5
15. Qg2 Rxh1 16. Qxh1 Nxg4 17. Qh8 Kf8 18. Bd2 Qf6 19. Qxf6 N8xf6 20. f3 Ne5
21. Kf2 Ned7 22. b4 Rc8 23. Bb5 a6 24. Ba4 b5 25. Bb3 a5 26. c3 a4 27. Bc2 Ne5
28. Rh1 Ke8 29. Bf4 Nc4 30. Bd3 Nh5 31. Bg5 Kd7 32. Bxc4 dxc4 33. Be3 Rc6 34.
Rg1 Rc8 35. Bg5 Ng7 36. Rg4 Nh5 37. Be7 Rc6 38. Rg5 Ng7 39. Rg4 Nh5 40. Ke3 Rc8
41. Rg5 Rc6 {(=)} 42. Kf2 Nf4 43. Rg4 Nd5 44. Bg5 Nxc3 45. a3 Rc8 46. Rf4 f5
47. Rh4 Nd1+ 48. Ke1 1-0

[Event "Peter Stuart Memorial Open"]
[Site "Auckland NZL"]
[Date "2018.08.25"]
[Round "1"]
[White "Post, Martin J"]
[Black "Morrell, Gordon"]
[Result "1/2-1/2"]
[WhiteElo "1814"]
[BlackElo "2080"]
[PlyCount "88"]
[EventDate "2018.08.25"]

1. e4 c5 2. Nc3 Nc6 3. f4 a6 4. a4 g6 5. Nf3 Bg7 6. Bc4 d6 7. O-O Nf6 8. d3 O-O
9. Kh1 Bg4 10. Be3 Nd4 11. Qd2 Bxf3 12. gxf3 e6 13. Qf2 Nh5 14. a5 Qf6 15. e5
dxe5 16. Ne4 Qe7 17. fxe5 Bxe5 18. c3 Nf5 19. Bxc5 Qc7 20. Bxf8 Rxf8 21. Rfe1
Rc8 22. Bb3 Qd8 23. d4 Bc7 24. Nc5 Qg5 25. Qg2 Qh6 26. Ne4 Qf4 27. Qf2 Qh6 28.
Kg1 Bf4 29. d5 exd5 30. Bxd5 Be3 31. Rxe3 Nxe3 32. Bxb7 Rb8 33. Bxa6 f5 34. Re1
fxe4 35. Rxe3 Nf4 36. Qg3 Rxb2 37. Bc4+ Kg7 38. Rxe4 Nh3+ 39. Kf1 Rf2+ 40. Qxf2
Nxf2 41. Kxf2 Qxh2+ 42. Ke3 Qg1+ 43. Kd3 Qd1+ 44. Ke3 Qg1+ 1/2-1/2

[Event "Peter Stuart Memorial Open"]
[Site "Auckland NZL"]
[Date "2018.08.25"]
[Round "1"]
[White "Duneas, John"]
[Black "Ha, Huy Minh (Timothy)"]
[Result "1-0"]
[WhiteElo "2020"]
[BlackElo "1707"]
[PlyCount "37"]
[EventDate "2018.08.25"]

1. d4 Nf6 2. Bf4 g6 3. Nc3 Bg7 4. e4 d6 5. Qd2 a6 6. O-O-O b5 7. f3 b4 8. Nce2
a5 9. Bh6 O-O 10. g4 Bb7 11. Ng3 Nbd7 12. h4 Nxg4 13. fxg4 Nf6 14. Bxg7 Kxg7
15. Qf4 Qc8 16. g5 Ne8 17. h5 c5 18. hxg6 hxg6 19. Qh4 1-0

[Event "Peter Stuart Memorial Open"]
[Site "Auckland NZL"]
[Date "2018.08.25"]
[Round "1"]
[White "Morris, Byron"]
[Black "Krstev, Antonio"]
[Result "1/2-1/2"]
[WhiteElo "1697"]
[BlackElo "1986"]
[PlyCount "60"]
[EventDate "2018.08.25"]

1. Nf3 d5 2. g3 c5 3. Bg2 Nc6 4. d3 e5 5. Nbd2 Bd6 6. e4 d4 7. a4 Be6 8. b3 h5
9. Nc4 Nge7 10. Ng5 Qd7 11. Nxe6 Qxe6 12. h4 g6 13. Bh3 f5 14. f4 O-O 15. O-O
Bc7 16. Bd2 a6 17. a5 Rae8 18. Qe2 Qc8 19. Qg2 Qb8 20. exf5 Nxf5 21. Bxf5 Rxf5
22. g4 hxg4 23. Qxg4 Ne7 24. fxe5 Qc8 25. Bf4 Kh7 26. Qg2 Ref8 27. Bg3 Rxf1+
28. Rxf1 Rxf1+ 29. Qxf1 Nf5 30. Qf3 Qd8 1/2-1/2

[Event "Peter Stuart Memorial Open"]
[Site "Auckland NZL"]
[Date "2018.08.25"]
[Round "1"]
[White "Isaac, Ceferino"]
[Black "Qin, Nicole Shu Yu"]
[Result "0-1"]
[WhiteElo "1965"]
[BlackElo "1696"]
[PlyCount "96"]
[EventDate "2018.08.25"]

1. e4 e6 2. d3 d5 3. Nd2 c5 4. Ngf3 Nc6 5. g3 Nf6 6. Bg2 Bd6 7. O-O Qc7 8. Re1
O-O 9. Qe2 dxe4 10. dxe4 e5 11. c3 Na5 12. b3 a6 13. Ba3 b5 14. c4 b4 15. Bb2
Nc6 16. h3 Bb7 17. Nh4 Ne7 18. f4 Nd7 19. Ndf3 f6 20. Rad1 Rad8 21. f5 Nc6 22.
Rd3 Nd4 23. Qd2 Nb8 24. g4 Nxf3+ 25. Bxf3 Nc6 26. Rd1 Nd4 27. Qf2 Bc6 28. Ng2
Qb7 29. Re1 a5 30. Rde3 Rfe8 31. Bd1 Qc7 32. Bc1 Be7 33. Rg3 Rd6 34. h4 Red8
35. Bc2 Qd7 36. Ne3 Nxc2 37. Nxc2 Rd1 38. Rge3 Qb7 39. Qe2 R1d7 40. Kf2 Rd6 41.
Rg3 Qd7 42. g5 fxg5 43. hxg5 Rd3 44. f6 Bf8 45. Reg1 Rxg3 46. Rxg3 Qf7 47. Ke1
Qg6 48. Qf3 Bxe4 0-1

[Event "Peter Stuart Memorial Open"]
[Site "Auckland NZL"]
[Date "2018.08.25"]
[Round "1"]
[White "Liu, Xinyang"]
[Black "Runcan, Daniel-Ioan"]
[Result "0-1"]
[WhiteElo "1694"]
[BlackElo "1943"]
[PlyCount "118"]
[EventDate "2018.08.25"]

1. e4 c5 2. c3 Nf6 3. e5 Nd5 4. d4 cxd4 5. cxd4 d6 6. f4 e6 7. Nf3 Nc6 8. Nc3
dxe5 9. fxe5 a6 10. Bd2 Be7 11. h4 b5 12. Rc1 Bb7 13. a4 b4 14. Ne4 Qb6 15. Nc5
Bxc5 16. dxc5 Qc7 17. Be2 Rd8 18. Qc2 Nxe5 19. O-O Nc6 20. Ng5 Nd4 21. Qd1 Nf6
22. Bxb4 Nf3+ 23. Nxf3 Rxd1 24. Rcxd1 Bc6 25. b3 Qb7 26. Ba5 O-O 27. Nd4 Nd5
28. Nxc6 Qxc6 29. Bf3 h6 30. Bb6 Rc8 31. Bxd5 exd5 32. Rf2 Re8 33. Rfd2 Re5 34.
a5 f5 35. b4 Kf7 36. Rc1 Re4 37. Rf1 Ke6 38. Rdf2 Re5 39. Rf4 g5 40. hxg5 hxg5
41. Rd4 Re4 42. Rfd1 Rxd4 43. Rxd4 Ke5 44. Rd2 d4 45. Bd8 g4 46. Bg5 Qb5 47. g3
Qxb4 48. c6 Qb1+ 49. Kf2 Qb5 50. c7 Qc5 51. Bf4+ Ke6 52. Ke2 Kd7 53. Rb2 Qc3
54. Rd2 Qf3+ 55. Ke1 d3 56. Rf2 Qe4+ 57. Kd2 Qc4 58. Rf1 Qc2+ 59. Ke1 Qe2# 0-1

[Event "Peter Stuart Memorial Open"]
[Site "Auckland NZL"]
[Date "2018.08.25"]
[Round "1"]
[White "Mistry, Prashant"]
[Black "Weng, Xintong (Winston)"]
[Result "1/2-1/2"]
[WhiteElo "1929"]
[BlackElo "1621"]
[PlyCount "118"]
[EventDate "2018.08.25"]

1. e4 c5 2. Nf3 e6 3. d3 Nc6 4. c3 d5 5. Nbd2 Bd6 6. Qe2 Nge7 7. Nb3 O-O 8. e5
Bc7 9. Nxc5 b6 10. Nb3 Ba6 11. Bg5 Qd7 12. Bxe7 Qxe7 13. Nbd4 Nxd4 14. cxd4
Rac8 15. Qd2 Bb8 16. Be2 Rc6 17. O-O Rfc8 18. Rfc1 Qc7 19. Rxc6 Qxc6 20. Ne1 h6
21. f4 Qa4 22. Qe3 Qb4 23. Rb1 Qa4 24. a3 Qb3 25. Qd2 Qa4 26. Qe3 Qb3 27. Qd2
Qa4 28. Qb4 Qxb4 29. axb4 Rc7 30. Kf2 Bc8 31. Ke3 a6 32. Kd2 b5 33. Rc1 Rxc1
34. Kxc1 Ba7 35. Nc2 Kh7 36. Kd2 g6 37. Kc3 Kg7 38. g4 Kh7 39. Bf3 Kg7 40. h4
Bd7 41. Ne3 Bb6 42. f5 Bd8 43. h5 g5 44. Nc2 Bb6 45. f6+ Kf8 46. Bd1 Bc6 47.
Na1 Ke8 48. Nb3 Kd7 49. Nd2 Ba7 50. Nf3 Ke8 51. Nxg5 Kf8 52. Nxe6+ fxe6 53. g5
Be8 54. g6 Bb6 55. Bf3 Bd7 56. Bg4 Ba7 57. Bf3 Bb6 58. Bd1 Ba7 59. Bc2 Bb6
1/2-1/2